00813cam a2200217 a 450000100100000000500170001000800410002704000230006808200180009110000390010924501060014826000940025430000280034844000240037649000310040065000200043165000240045165000310047570000350050683000540054100000577820200929151800.0781208s1966 uy 001 f spa  aDO-SdBNPcNbUdDLC aU863.4bP668a1 aPiriz Coelho, Ramón,d1872-1960.10aAnecdotario del uruguayo Santiago Marcos. /cRamón Piriz Coelho ; prólogo de Arturo Sergio Visca. aMontevideo, Uruguay :bMinisterio de Instrucción Pública y Previsión Social,c1966. axxvii, 184 p. ;c19 cm. 0aBiblioteca Artigas.1 aClásicos uruguayosv108. 4aNovela uruguaya 4aLiteratura uruguaya 4aLiteratura latinoamericana1 aVisca, Arturo Sergio,epról. 0aBiblioteca Artigas.pclásicos uruguayos ;v108.